000 00641nam a2200217Ii 4500
003 JO-AjNU
008 230605s9999||||xx |||||||||||||| ||und||
017 _a2008/7/2274
040 _aJO-AjNU
_bara
_erda
_cJO-AjNU
041 _aara
050 1 4 _aPJ7950 2012
100 3 _aالعمري، أحمد سليمان,
_eauthor
_950108
245 0 0 _aأوديستي: رواية
250 _aط1
264 3 1 _aعمان: دار الخليج، 2012
300 _a181ص
336 _atext
_btxt
_2rdacontent
337 _aunmediated
_bn
_2rdamedia
338 _avolume
_bnc
_2rdacarrier
650 4 _aالأدب العربي - روايات
_950109
999 _aA22051
_c25619
_d25619